000
00273nam a22001217a 4500
008
170303b xxu||||| |||| 00| 0 eng d
041
_a
eng
080
_a
616.073
100
_a
6
101
_a
SHM
245
_a
NUCLEAR CARDIOLOGY FOR CLINICIANS
_c
SOIN, J.S
942
_2
udc
_c
BK
999
_c
6665
_d
6665